00336nam a2200145Ia 4500003000400000005001700004008004100021040000700062041000800069082001900077100001700096245003100113260003300144365001300177OSt20230526161902.0210423s2002 xx 000 0 und d cAL aeng a658.3 RAOH223 aRAO (V S P). aHuman resource management. aNew DelhibExcel Booksc2002 b250cINR